000
00269nam a22001217a 4500
008
171208b xxu||||| |||| 00| 0 eng d
041
_a
eng
080
_a
82
100
_a
27
101
_a
GJL
245
_a
THE WORKS OF THOMAS SYDENHAM
_c
SYDENHAM, TH
942
_2
udc
_c
BK
999
_c
38829
_d
38829